3 Movies, 1 Missing Word X Quiz Stats

 Plays Quiz Updated Mar 15, 2018

Score 0/33 Timer 04:00
4 Plays Today
% Correct
Mary
95%
Three
94.9%
Jones
94.7%
Old
94.4%
Land
94.4%
Next
94.3%
Wolf
93.9%
Final
93.4%
Hill
93.2%
New
92.3%
Being
92%
Jane
91.9%
Close
91.7%
Game
91.2%
Thirty
91.1%
Everything
91%
Out
90.2%
% Correct
Miss
89.9%
Last
88.8%
Quest
88.7%
Empire
88.4%
Guys
88.1%
Mighty
87.2%
Double
86.1%
Times
85.1%
Honor
84.5%
Broken
83.4%
Army
83.3%
Open
82.8%
Soldiers
80.7%
Beauty
79.6%
Glory
78.5%
Eve
77.1%

You're not logged in!

Compare scores with friends on all Sporcle quizzes.
OR
Log In

Sporcle TV

Today on Sporcle TV


Watch our educational content, quiz creation guides, and fun videos on Sporcle TV.

Show Comments

Extras

Top Quizzes Today


Score Distribution

Your Account Isn't Verified!

In order to create a playlist on Sporcle, you need to verify the email address you used during registration. Go to your Sporcle Settings to finish the process.

Report this User

Report this user for behavior that violates our Community Guidelines.

Details: